000 04142cam a22007694i 4500
003 PE-LiUPU
005 20250731170439.0
008 150625s2001 sp a rb 000 0 spa d
020 _a8477388881
020 _a9788477388883
035 _a(Sirsi) i9788477388883
040 _aPE-LiUPU
_bspa
_cPE-LiUPU
_dPE-LiUPU
_erda
049 _aPRUA
082 0 4 _a158.3
_bE99
_221
082 0 4 _a158.3
_bE99 2001
100 1 _aEzpeleta Ascaso, Lourdes,
_eautor.
245 1 3 _aLa entrevista diagnóstica con niños y adolescentes /
_cLourdes Ezpeleta Ascaso.
264 1 _aMadrid :
_bSintesis,
_c2001.
300 _a203 páginas :
_bilustraciones ;
_c21 centímetros.
336 _atext
_2rdacontent
337 _aunmediated
_2rdamedia
338 _avolume
_2rdacarrier
490 0 _aPsicología clínica. Guías técnicas ;
_v3
504 _aIncluye referencias bibliográficas.
505 0 _aIntroducción a la técnica -- Estructura general del protocolo de entrevista diagnóstica -- Trastornos por déficit de atención con hiperactividad -- Trastornos negativista desafiante -- Trastorno disocial -- Trastornos depresivos -- Trastorno por ansiedad de separación -- Trastorno por ansiedad generalizada -- Fobias -- Trastornos de la conducta alimentaria -- Informe escrito de la entrevista diagnóstica.
526 _aSEG68
526 _aSEG70
526 _aSEG69
526 _aSEG67
526 _aSEG43
526 _aP144
526 _aP143
526 _aP131
526 _aP122
526 _aP120
526 _aP117
526 _aP112
526 _aP110
526 _aP106
526 _aP101
526 _aP80
526 _aP59
526 _aP54
526 _aP35
526 _aP33
526 _aP30
541 _g0012-0003097;
541 _g044-0008309;
541 _g044-008278;
541 _g045-0004382;
541 _g423-0000038;
650 0 4 _aEnfermedades mentales en niños
_xDiagnóstico.
650 0 4 _aEntrevistas (Psiquiatría).
942 _2ddc
_cBOOK
949 _a158.3 E99
_wDEWEY
_c1
_i55350
_d2016-4-8
_e2016-4-7
_lCCODEBUL1
_mBUL
_n3
_p15.00
_r0
_sY
_tBOOK
_u2015-6-25
_xSALUD
_PP33
_0COMPRA
_o.STAFF. Colección Ciencias de la Salud
949 _a158.3 E99
_wDEWEY
_c2
_i65244
_d2016-10-5
_e2016-10-3
_lCCODEBUL1
_mBUL
_n8
_p19.00
_r0
_sY
_tBOOK
_u2015-6-25
_xSALUD
_PP33
_0COMPRA
_o.STAFF. Colección General
949 _a158.3 E99
_wDEWEY
_c3
_i65324
_d2016-9-9
_e2016-9-8
_lCCODEBUL1
_mBUL
_n5
_p19.00
_r0
_sY
_tBOOK
_u2015-6-25
_xSALUD
_PP33
_0COMPRA
_o.STAFF. Colección General
949 _a158.3 E99
_wDEWEY
_c4
_i65986
_d2016-6-20
_e2016-6-19
_lCCODEBUL1
_mBUL
_n5
_r0
_sY
_tBOOK
_u2015-6-25
_xSALUD
_PP33
_0COMPRA
_o.STAFF. Colección General
949 _a158.3 E99 2001
_wDEWEY
_c1
_iFT03776
_lCCODEBUT1
_mBUT
_p{dolar}59.00
_r0
_sY
_tBOOK
_u2018-09-04
_xFSALUD
_PP33
_0COMPRA
_o.STAFF. Colección General Tarapoto
994 _aC0
_bPEPRU
596 _a1 2
999 _a158.3 E99
_wDEWEY
_c44259
_i55350
_d44259
_e2016-4-7
_f2021-11-3
_g5
_lCCODEBUL1
_mBUL
_n3
_p15.00
_r0
_sY
_tBOOK
_u2015-6-25
_xSALUD
_zP33
_0COMPRA
_o.STAFF. Colección Ciencias de la Salud
999 _a158.3 E99
_wDEWEY
_c2
_i65244
_d2018-5-30
_e2016-10-3
_f2021-11-3
_g5
_lCCODEBUL1
_mBUL
_n8
_p19.00
_q1
_r0
_sY
_tBOOK
_u2015-6-25
_xSALUD
_PP33
_0COMPRA
_o.STAFF. Colección Ciencias de la Salud
999 _a158.3 E99
_wDEWEY
_c3
_i65324
_d2018-5-30
_e2016-9-8
_f2021-11-3
_g5
_lCCODEBUL1
_mBUL
_n5
_p19.00
_q1
_r0
_sY
_tBOOK
_u2015-6-25
_xSALUD
_PP33
_0COMPRA
_o.STAFF. Colección Ciencias de la Salud
999 _a158.3 E99
_wDEWEY
_c4
_i65986
_d2019-6-27
_e2019-6-6
_f2021-11-3
_g5
_lCCODEBUL1
_mBUL
_n9
_p19.00
_q1
_r0
_sY
_tBOOK
_u2015-6-25
_xSALUD
_PP33
_0COMPRA
_o.STAFF. Colección Ciencias de la Salud
999 _a158.3 E99 2001
_wDEWEY
_c1
_iFT03776
_d2019-6-3
_e2019-5-30
_f2019-2-20
_g1
_lCCODEBUT1
_mBUT
_n1
_p59.00
_r0
_sY
_tBOOK
_u2018-9-5
_xSALUD
_PP33
_0COMPRA
_o.STAFF. Colección General Tarapoto
980 _81
_gALBERTO SANCHEZ Responsable de Automatización